00635nam a2200229 a 4500001001300000003000900013005001700022008004100039020000800080082001600088100001400104245002500118260004400143300000900187500003500196505001300231700001400244902000800258942000700266952011500273999001700388nice12345678IN_TiNIC20260116015135.0050524s2001 newa grp 000 0 eng  ac000a297.4bTAQ1 aTaqi, S M aMystical Experiences aNew YorkbCross Road Publicationsc2001 a109p aincludes index and biblioraphy2 aArchives1 aTaqi, S M bSRS cBK 001040708StackRoom-aHMIbHMId2005-05-24g0.00l0o297.4 TAQ1p11001173r2005-05-24v0.00w2005-05-24yBK c18469d18469